000 00745cab a22001815a 4500
001 L150764
008 100901e20100827xxk f 000 0 eng d
035 _a(Sirsi) u150764
041 0 _aeng
100 1 _aRawlinson, Simon
245 0 1 _aEconomics
_bprocurement, refurbishment
260 _c2010
490 _aBuilding
_v275 (8643) 27 August 2010, 50-55(6)
520 _aRefurb can seem the ideal solution when budgets are tight; looks at how clients and contractors allocate risk and manage outcomes; types of refurbishment and implications for procurement; typical refurbishment and mitigation strategies; alternative procurement strategies; case study - efficiency challenge.
590 _aKA
690 _aProcurement
_96260
942 _n0
999 _c82634
_d82634